Statistics for NBA Leading Rebounders by Team

Click here to take the quiz!

General Stats

  • This quiz has been taken 42 times
  • The average score is 14 of 30

Answer Stats

TeamRPGAnswer% Correct
76ers11.8Joel Embiid
97%
Bucks13.7Giannis Antetokounmpo
94%
Lakers9.4Anthony Davis
81%
Magic11.0Nikola Vucevic
72%
Jazz13.7Rudy Gobert
72%
Hawks13.8Clint Capela
67%
Cavaliers15.2Andre Drummond
64%
Heat10.5Bam Adebayo
61%
Nuggets10.2Nikola Jokic
58%
Pacers12.4Domantas Sabonis
56%
Thunder9.4Steven Adams
56%
Grizzlies11.2Jonas Valanciunas
53%
Mavericks9.5Kristaps Porzingis
47%
Suns12.0DeAndre Ayton
44%
Nets10.0DeAndre Jordan
44%
Timberwolves10.8Karl-Anthony Towns
44%
Trail Blazers14.2Hassan Whiteside
42%
Clippers7.3Kawhi Leonard
42%
Knicks9.7Julius Randle
36%
Spurs7.4LaMarcus Aldridge
36%
Warriors6.2Draymond Green
33%
Celtics7.7Enes Kanter
33%
Bulls9.4Wendell Carter Jr.
28%
Hornets7.1Cody Zeller
25%
Kings8.3Richaun Holmes
22%
Rockets8.0Russell Westbrook
22%
Raptors8.3Serge Ibaka
22%
Pelicans9.9Derrick Favors
19%
Wizards6.8Thomas Bryant
17%
Pistons6.3Christian Wood
11%

Score Distribution

Percentile by Number Answered

Percent of People with Each Score

Your Score History

You have not taken this quiz